The male involvement programme and men's sexual and reproductive health in northern namibia /

Los temas de salud y reproducción (SSR) afectan tanto a hombres como a mujeres y se relacionan con la desigualdad de género y el VIH/Sida. Este artículo describe una investigación sobre el impacto del Programa de participación masculina en Namibia. Los objetivos del programa eran capacitar a grupos...

Full description

Saved in:
Bibliographic Details
Main Author: Mufune, Pempelani
Format: Text
Subjects:
Tags: Add Tag
No Tags, Be the first to tag this record!

MARC

LEADER 00000 a a2200000 04500
001 4791
003
040
100 |a Mufune, Pempelani  
245 |a The male involvement programme and men's sexual and reproductive health in northern namibia /  |c Pempelani Mufune 
520 |a Los temas de salud y reproducción (SSR) afectan tanto a hombres como a mujeres y se relacionan con la desigualdad de género y el VIH/Sida. Este artículo describe una investigación sobre el impacto del Programa de participación masculina en Namibia. Los objetivos del programa eran capacitar a grupos de hombres en SSR y habilidades de comunicación  
650 |a EDUCACION SEXUAL  
650 |a ENFERMEDADES DE TRANSMISION SEXUAL  
650 |a HOMBRES  
650 |a NAMIBIA  
773 |g volumen 57, número 2; páginas 231-248  
999 |c 23381  |d 23381